| 000 | 00427nam a22001577a 4500 | ||
|---|---|---|---|
| 020 | _a9788131733660 | ||
| 082 | _a621.3 HUG | ||
| 100 | _aHughes, Edward, | ||
| 245 | _aHughes electrical and electronic technology | ||
| 250 | _a10th ed. | ||
| 260 |
_aNew Delhi, India _bPearson Education _c2011 |
||
| 300 |
_axv, 1008 p. _bill. ; |
||
| 500 | _aIncludes index. | ||
| 650 | _a1. Electric engineering 2. Electronics | ||
| 942 | _cBK | ||
| 999 |
_c12547 _d12547 |
||